|
|
|
|
| LEADER |
00000nab a2200000uu 4500 |
| 001 |
vtls011431269 |
| 003 |
SK-MaSNL |
| 005 |
20260304030112.0 |
| 008 |
250310|2007 xo |||||||||||||||||slo| |
| 015 |
|
|
|a SNBRB
|
| 035 |
|
|
|a (urnnbn)urn:nbn:sk:snk:ar-000bn0
|
| 035 |
|
|
|a (uuid)f4705ddf-880b-4270-9953-5655776bc41f
|
| 035 |
|
|
|a urn:nbn:sk:snk-abc7u4
|
| 040 |
|
|
|a SNKBUCL
|b slo
|c SNKBUCL
|e AACR2
|
| 041 |
0 |
|
|a slo
|
| 044 |
|
|
|a xo
|c SK
|
| 100 |
1 |
|
|a Šafin, Ján,
|d 1967-
|4 aut
|9 213981
|
| 245 |
1 |
0 |
|a Kult zvodnej Anastázie
|c Ján Šafin
|
| 773 |
0 |
|
|t Rozmer : časopis pre kresťanskú duchovnú orientáciu
|g Roč. 10, č. 4 (2007), s. 23-27
|
| 958 |
|
|
|a OND
|
| 958 |
|
|
|a EUIPO
|
| 958 |
|
|
|a article16
|
| 999 |
|
|
|c 2631697
|d 2633627
|